NFL - 2026 Detroit Lions Roster - Statistics

General Stats
  • This quiz has been taken 151 times
  • The average score is 17 of 25
Answer Stats
Hint Answer % Correct
WR Amon-Ra St. Brown
100%
QB Jared Goff
100%
RB David Montgomery
99%
RB Jahmyr GIbbs
99%
WR Jameson Williams
95%
TE Sam LaPorta
95%
RT Penei Sewell
92%
EDGE Aidan Hutchinson
90%
WR Issac TeSlaa
86%
SS Brian Branch
78%
FS Kerby Joseph
77%
LB Jack Campbell
75%
WR Kalif Raymond
70%
LB Alex Anzalone
66%
LT Taylor Decker
63%
CB D.J. Reed
57%
C Graham Glasgow
53%
RG Tate Ratledge
49%
DT D.J. Reader
48%
DT Alim McNeil
46%
CB Amik Robertson
44%
LB Derrick Barnes
39%
CB Rock Ya-Sin
35%
EDGE Marcus Davenport
27%
LG Kayode Awosika
15%
No matching quizzes found
Score Distribution
Percent of People with Each Score
Percentile by Number Answered
Your Score History
You have not taken this quiz